Velký smír a jiné povídky /

Hlavní autor: Krahulík, Ivan, 1881-1966
Jazyk: Čeština
Vydáno: V Praze : Společnost Československého Červeného kříže, [1933]
Fyzický popis: 61 s. ; 15 cm
Knihy
Uloženo v:
LEADER 00745nam a2200229 a 4500
001 000488923
003 CZ BrMZK
005 20000115143423.0
007 ta
008 000115s1933 xr f cze d
015 |a cnb000941434 
035 |a (OCoLC)85521286 
040 |a BOA001  |b cze 
080 |a 885.0-93-32  |2 MRF 
100 1 |a Krahulík, Ivan,  |d 1881-1966  |7 jk01062711  |4 aut 
245 1 0 |a Velký smír a jiné povídky /  |c Ivan Krahulík. 
260 |a V Praze :  |b Společnost Československého Červeného kříže,  |c [1933] 
300 |a 61 s. ;  |c 15 cm 
655 4 |a česká literatura pro děti 
910 |a BOA001  |b 1-1075.486 
990 |a BK 
996 7 |b 2610119065  |c 1-1075.486  |l MZK  |r Sklad / do 1 hodiny  |n 1  |p dar  |w 000488923  |u 000010  |a 1  |e BOA001  |j MZK50  |s A